Statistical sampling for auditors and accountants / (Record no. 35169)
[ view plain ]
| 000 -LEADER | |
|---|---|
| fixed length control field | 00898nam a2200277 4500 |
| 001 - CONTROL NUMBER | |
| control field | 35169 |
| 003 - CONTROL NUMBER IDENTIFIER | |
| rucl marc code | BD-RjUL |
| 005 - DATE AND TIME OF LATEST TRANSACTION | |
| control field | 20211209052255.0 |
| 008 - FIXED-LENGTH DATA ELEMENTS--GENERAL INFORMATION | |
| fixed length control field | 140521r19611956nyua 00110 eng |
| 035 ## - SYSTEM CONTROL NUMBER | |
| System control number | (BD-RjUL)35263 |
| System control number | (BD-RjUL) |
| 040 ## - CATALOGING SOURCE | |
| Original cataloging agency | BD-RjUL |
| Language of cataloging | eng |
| Transcribing agency | BD-RjUL |
| 041 ## - LANGUAGE CODE | |
| Language code of text/sound track or separate title | eng |
| 082 ## - DEWEY DECIMAL CLASSIFICATION NUMBER | |
| Classification number | 519.5 |
| Author mark and year | VAS Pt-1 1961 |
| 100 1# - MAIN ENTRY--PERSONAL NAME | |
| Personal name | Vance, Lawrence L., |
| Fuller form of name | (Lawrence Lee), |
| Dates associated with a name | 1911- |
| 9 (RLIN) | 107126 |
| 245 10 - TITLE STATEMENT | |
| Title | Statistical sampling for auditors and accountants / |
| Statement of responsibility, etc. | by Lawrence L. Vance and John Neter. |
| Number of part/section of a work | part I : |
| Name of part/section of a work | Introduction |
| 260 ## - PUBLICATION, DISTRIBUTION, ETC. (IMPRINT) | |
| Place of publication, distribution, etc. | New York : |
| Name of publisher, distributor, etc. | Wiley, |
| Date of publication, distribution, etc. | 1956 [printing 1961] |
| 300 ## - PHYSICAL DESCRIPTION | |
| Pagination | x, 310 p. : |
| Illustrations | ill. ; |
| Size | 24 cm. |
| 490 0# - SERIES STATEMENT | |
| Series statement | A Wiley publication in accounting |
| 504 ## - BIBLIOGRAPHY, ETC. NOTE | |
| Bibliography, etc | Includes index. |
| 650 #0 - SUBJECT ADDED ENTRY--TOPICAL TERM | |
| Topical term or geographic name as entry element | Sampling (Statistics) |
| 9 (RLIN) | 107127 |
| Topical term or geographic name as entry element | Auditing. |
| 9 (RLIN) | 107128 |
| 700 1# - ADDED ENTRY--PERSONAL NAME | |
| Personal name | Neter, John, |
| Dates associated with a name | 1923- |
| Relator term | joint author. |
| 942 ## - ADDED ENTRY ELEMENTS (KOHA) | |
| Source of classification or shelving scheme | Dewey Decimal Classification |
| Koha item type | Books |
| Lost status | Source of classification or shelving scheme | Damaged status | Not for loan | Collection code | Permanent Location | Current Location | Shelving location | Date acquired | Source of acquisition | Cost, normal purchase price | Total Checkouts | Full call number | Date last seen | Copy number | Koha item type |
|---|---|---|---|---|---|---|---|---|---|---|---|---|---|---|---|
| Dewey Decimal Classification | Non-fiction | Central Library, University of Rajshahi | Central Library, University of Rajshahi | 04/02/1963 | Zitlinger | 68.00 | 519.5 VAS Pt-1 1961 | 21/05/2014 | C-2 | Books | |||||
| Dewey Decimal Classification | Not For Loan | Non-fiction | Central Library, University of Rajshahi | Central Library, University of Rajshahi | john welly | 0.00 | 519.5 VAS Pt-1 1956 | 21/05/2014 | C-1 | Books |